000 00932cam a2200265I 4500
001 31399
003 BD-RjUL
005 20211209051709.0
008 140415r19531910enk b 00000 enged
035 _a(BD-RjUL)31486
040 _aEnoch Pratt free library
_cCLE
_dSER
_dm.c.
_dBOS
_dBD-RjUL
_beng
041 1 _aengsan
082 0 4 _a294
_bDUR 1953
090 _aPK3653
_b.F10
100 1 0 _aDutt, Romesh C.
_995553
245 1 4 _aThe Ramayana and The Mahabharata /
_ccondensed into English verse by Romesh C. Dutt.
260 _aLondon ;
_bJ. M. Dent & Sons, ltd.;
_aNew York :
_bE. P. Dutton & Co.,
_c1910 [reprinted 1953].
300 _axii, 335 p. ;
_c18 cm.
490 0 _aEveryman's library. Philosophy and theology. [no. 403]
500 _aTitle within ornamental border.
500 _a"Note on the late Romesh C. Dutt," by S. K. Ratcliffe.
504 _aBibliography: p. xi-xii.
942 _2ddc
_cBK
999 _c31399
_d31399